00456cam a2200169 a 450000100100000000500170001000800410002702000110006804000230007908200190010210000180012124500500013926000320018930000210022165000200024265000240026200000631020200929153919.0750922s1975 fr 000 0 fre  c30.00F aDO-SdBNPcDLCdDLC a843.912bC385h1 aCayrol, Jean.10aHistoire de la foret :brecit /cJean Cayrol. aParís :bDu Seuil,c1975. a237 p. ;c21 cm. 4aNovela francesa 4aLiteratura francesa